Historia de Galicia / (Record no. 167404)

MARC details
000 -LEADER
campo de control de longitud fija 00716nam a22001815i 4500
001 - NÚMERO DE CONTROL
campo de control 167404
003 - IDENTIFICADOR DE NÚMERO DE CONTROL
campo de control ES-MaACL
005 - FECHA Y HORA DE LA ÚLTIMA TRANSACCIÓN
campo de control 20230906213523.0
008 - DATOS DE LONGITUD FIJA--INFORMACIÓN GENERAL
campo de control de longitud fija 960320m18651873sp af |||| | spa d
040 ## - FUENTE DE CATALOGACIÓN
Centro catalogador/agencia de origen GA
Lengua de catalogación spa
Centro/agencia transcriptor CCPB | SIC
100 1# - ENTRADA PRINCIPAL--NOMBRE DE PERSONA
Nombre de persona Vicetto, Benito.
9 (RLIN) 133671
245 10 - MENCIÓN DEL TÍTULO
Título Historia de Galicia /
Mención de responsabilidad, etc. por Benito Vicetto.
260 ## - PUBLICACIÓN, DISTRIBUCIÓN, ETC.
Lugar de publicación, distribución, etc. Ferrol :
Nombre del editor, distribuidor, etc. Nicasio Taxonera,
Fecha de publicación, distribución, etc. 1865-1873 (
Fabricante establecimiento tipográfico de Taxonera)
300 ## - DESCRIPCIÓN FÍSICA
Extensión 7 v. (IX, 350 ; 322 ; X, 278 ; VII, 388 ; 500 ; 499 ; 520 p., [2] h. de lám.) ;
Dimensiones 26 cm.
597 #1 - NOTA DE DESCRIPCIÓN FÍSICA
NOTA DE DESCRIPCIÓN FÍSICA Las hojas de lám. : "F. Gil Do, Cebrian Lo, Imp. y Lit. de N. Gonzalez Madrid"
651 #4 - PUNTO DE ACCESO ADICIONAL DE MATERIA--NOMBRE GEOGRÁFICO
Nombre geográfico Galicia-
Subdivisión general Historia.
9 (RLIN) 8728
852 ## - LOCALIZACIÓN
Ubicación ES-MaACL
Número de control de estantería G-6448-54
Nota libre -- Enc. pasta
Holdings
Estatus retirado Estado de pérdida Estado de daño No para préstamo Colección Biblioteca de origen Biblioteca actual Ubicación en estantería Fecha de adquisición Total de préstamos Signatura topográfica completa Código de barras Visto por última vez Precio de reemplazo Tipo de ítem Koha
        Libros del s. XIX Biblioteca del Ateneo de Madrid Biblioteca del Ateneo de Madrid Depósito 2 17/01/2008   G-6448-54 1175616 23/02/2023 23/02/2023 Libro impreso antiguo